[Event "Russian Championship (Rapid, Women)"]
[Site "Sochi"]
[Date "2018.10.06"]
[Round "8.3"]
[White "Baraeva, Marina"]
[Black "Bodnaruk, Anastasia"]
[Result "0-1"]
[BlackElo "2479"]
[WhiteElo "2204"]
[LiveChessVersion "1.4.8"]

1. d4 {[%clk 0:15:12]} Nf6 {[%clk 0:15:19]} 2. c4 {[%clk 0:15:19]} g6
{[%clk 0:15:28]} 3. Nc3 {[%clk 0:15:28]} Bg7 {[%clk 0:15:37]} 4. e4
{[%clk 0:15:37]} d6 {[%clk 0:15:45]} 5. Be2 {[%clk 0:15:45]} O-O {[%clk 0:15:53]}
6. Nf3 {[%clk 0:15:54]} e5 {[%clk 0:16:01]} 7. dxe5 {[%clk 0:16:01]} dxe5
{[%clk 0:16:08]} 8. Qxd8 {[%clk 0:16:08]} Rxd8 {[%clk 0:16:16]} 9. Bg5
{[%clk 0:16:14]} Nbd7 {[%clk 0:14:37]} 10. Rd1 {[%clk 0:14:44]} Rf8
{[%clk 0:14:33]} 11. Nd5 {[%clk 0:14:23]} Nxd5 {[%clk 0:14:15]} 12. cxd5
{[%clk 0:14:26]} f5 {[%clk 0:13:15]} 13. Nd2 {[%clk 0:14:14]} Nf6
{[%clk 0:12:32]} 14. f3 {[%clk 0:13:46]} Bd7 {[%clk 0:12:31]} 15. O-O
{[%clk 0:13:16]} h6 {[%clk 0:10:34]} 16. Be3 {[%clk 0:13:10]} c6 {[%clk 0:09:57]}
17. Bc4 {[%clk 0:11:32]} cxd5 {[%clk 0:09:54]} 18. exd5 {[%clk 0:11:37]} Rfc8
{[%clk 0:09:14]} 19. Bb3 {[%clk 0:11:34]} b5 {[%clk 0:07:49]} 20. Rc1
{[%clk 0:11:11]} a5 {[%clk 0:07:47]} 21. a3 {[%clk 0:11:20]} Bf8 {[%clk 0:07:26]}
22. Ba2 {[%clk 0:11:03]} Kg7 {[%clk 0:06:06]} 23. Rfd1 {[%clk 0:10:57]} a4
{[%clk 0:06:07]} 24. Bb6 {[%clk 0:10:31]} Bd6 {[%clk 0:06:06]} 25. Re1
{[%clk 0:08:29]} g5 {[%clk 0:05:51]} 26. h3 {[%clk 0:08:00]} h5 {[%clk 0:05:51]}
27. Nf1 {[%clk 0:07:53]} h4 {[%clk 0:05:39]} 28. Ne3 {[%clk 0:07:17]} Rab8
{[%clk 0:04:48]} 29. Rxc8 {[%clk 0:07:00]} Rxc8 {[%clk 0:04:37]} 30. Kf1
{[%clk 0:06:33]} Nh5 {[%clk 0:04:03]} 31. Bb1 {[%clk 0:06:23]} Kf6
{[%clk 0:03:44]} 32. Kf2 {[%clk 0:06:16]} Ng3 {[%clk 0:03:10]} 33. Rd1
{[%clk 0:05:54]} Rb8 {[%clk 0:02:56]} 34. Ba5 {[%clk 0:05:32]} Bc5
{[%clk 0:02:57]} 35. Rc1 {[%clk 0:05:20]} Bd4 {[%clk 0:01:26]} 36. Rc7
{[%clk 0:04:52]} Be8 {[%clk 0:01:01]} 37. d6 {[%clk 0:04:35]} f4 {[%clk 0:00:36]}
38. d7 {[%clk 0:04:39]} fxe3+ {[%clk 0:00:28]} 39. Ke1 {[%clk 0:04:46]} Bxd7
{[%clk 0:00:33]} 40. Rxd7 {[%clk 0:04:51]} Rc8 {[%clk 0:00:30]} 41. Bc7
{[%clk 0:03:24]} Bxb2 {[%clk 0:00:34]} 42. Ba2 {[%clk 0:03:23]} Bc3+
{[%clk 0:00:39]} 43. Kd1 {[%clk 0:03:18]} e2+ {[%clk 0:00:47]} 0-1

[Event "Russian Championship (Rapid, Women)"]
[Site "Sochi"]
[Date "2018.10.06"]
[Round "8.4"]
[White "Voit, Daria"]
[Black "Bulatova, Kamaliya"]
[Result "1-0"]
[BlackElo "1987"]
[WhiteElo "2355"]
[LiveChessVersion "1.4.8"]

1. Nf3 {[%clk 0:15:18]} Nf6 {[%clk 0:15:19]} 2. c4 {[%clk 0:15:26]} e6
{[%clk 0:15:28]} 3. g3 {[%clk 0:15:35]} d5 {[%clk 0:15:33]} 4. Bg2
{[%clk 0:15:44]} d4 {[%clk 0:15:14]} 5. O-O {[%clk 0:15:46]} c5 {[%clk 0:15:21]}
6. d3 {[%clk 0:15:54]} Nc6 {[%clk 0:15:27]} 7. e3 {[%clk 0:16:03]} Bd6
{[%clk 0:14:21]} 8. exd4 {[%clk 0:15:49]} cxd4 {[%clk 0:13:54]} 9. Na3
{[%clk 0:15:57]} Bxa3 {[%clk 0:13:35]} 10. bxa3 {[%clk 0:16:05]} O-O
{[%clk 0:13:43]} 11. Rb1 {[%clk 0:16:12]} a6 {[%clk 0:13:36]} 12. Re1
{[%clk 0:16:15]} Re8 {[%clk 0:13:28]} 13. a4 {[%clk 0:15:35]} Nd7
{[%clk 0:13:06]} 14. Ba3 {[%clk 0:15:41]} Qa5 {[%clk 0:12:58]} 15. Nd2
{[%clk 0:15:39]} Nb6 {[%clk 0:11:23]} 16. c5 {[%clk 0:15:33]} Qxa4
{[%clk 0:10:56]} 17. cxb6 {[%clk 0:15:35]} Qxa3 {[%clk 0:11:02]} 18. Bxc6
{[%clk 0:14:35]} bxc6 {[%clk 0:11:10]} 19. b7 {[%clk 0:14:32]} Bxb7
{[%clk 0:11:08]} 20. Rxb7 {[%clk 0:14:41]} Qxd3 {[%clk 0:11:05]} 21. Rb3
{[%clk 0:12:06]} Qg6 {[%clk 0:10:40]} 22. Nc4 {[%clk 0:12:06]} c5
{[%clk 0:10:32]} 23. Re5 {[%clk 0:11:58]} Rac8 {[%clk 0:07:11]} 24. Nd6
{[%clk 0:11:55]} c4 {[%clk 0:07:19]} 25. Rb7 {[%clk 0:11:14]} c3 {[%clk 0:05:49]}
26. Nxc8 {[%clk 0:11:19]} Rxc8 {[%clk 0:05:47]} 27. Rc5 {[%clk 0:11:22]} Rf8
{[%clk 0:05:05]} 28. Qxd4 {[%clk 0:11:25]} c2 {[%clk 0:05:09]} 29. Rbc7
{[%clk 0:11:32]} e5 {[%clk 0:04:28]} 30. Qxe5 {[%clk 0:11:32]} 1-0

[Event "Russian Championship (Rapid, Women)"]
[Site "Sochi"]
[Date "2018.10.06"]
[Round "8.5"]
[White "Styazhkina, Anna"]
[Black "Shuvalova, Polina"]
[Result "0-1"]
[BlackElo "2342"]
[WhiteElo "2214"]
[LiveChessVersion "1.4.8"]

1. e4 {[%clk 0:15:17]} c6 {[%clk 0:15:19]} 2. d4 {[%clk 0:15:13]} d5
{[%clk 0:15:27]} 3. exd5 {[%clk 0:15:20]} cxd5 {[%clk 0:15:34]} 4. Bd3
{[%clk 0:15:24]} Nc6 {[%clk 0:15:42]} 5. c3 {[%clk 0:15:30]} Nf6 {[%clk 0:15:50]}
6. h3 {[%clk 0:15:31]} e5 {[%clk 0:15:44]} 7. dxe5 {[%clk 0:15:13]} Nxe5
{[%clk 0:15:51]} 8. Bc2 {[%clk 0:14:52]} Bc5 {[%clk 0:14:53]} 9. Ne2
{[%clk 0:14:05]} O-O {[%clk 0:14:46]} 10. O-O {[%clk 0:14:08]} Bd7
{[%clk 0:13:30]} 11. Bf4 {[%clk 0:12:27]} Re8 {[%clk 0:13:22]} 12. Nd4
{[%clk 0:11:29]} Nc4 {[%clk 0:10:52]} 13. b3 {[%clk 0:10:34]} Ne5
{[%clk 0:10:58]} 14. Nd2 {[%clk 0:07:44]} Rc8 {[%clk 0:11:06]} 15. N4f3
{[%clk 0:02:50]} Ng6 {[%clk 0:10:26]} 16. Bh2 {[%clk 0:02:08]} Bb6
{[%clk 0:08:56]} 17. Rc1 {[%clk 0:00:50]} Ne4 {[%clk 0:08:46]} 18. Bxe4
{[%clk 0:00:23]} dxe4 {[%clk 0:08:55]} 19. Nd4 {[%clk 0:00:31]} Qg5
{[%clk 0:06:53]} 20. Bg3 {[%clk 0:00:23]} f5 {[%clk 0:06:28]} 21. Nc4
{[%clk 0:00:16]} f4 {[%clk 0:06:31]} 22. h4 {[%clk 0:00:15]} Qf6 {[%clk 0:04:31]}
23. Bh2 {[%clk 0:00:18]} Bc7 {[%clk 0:04:19]} 24. h5 {[%clk 0:00:18]} Nh4
{[%clk 0:04:25]} 25. f3 {[%clk 0:00:14]} Qg5 {[%clk 0:04:13]} 26. Rc2
{[%clk 0:00:20]} b5 {[%clk 0:04:07]} 27. Na3 {[%clk 0:00:18]} e3 {[%clk 0:03:08]}
28. Re2 {[%clk 0:00:15]} a6 {[%clk 0:02:34]} 29. Nb1 {[%clk 0:00:12]} Bh3
{[%clk 0:02:31]} 30. Qc2 {[%clk 0:00:18]} Be5 {[%clk 0:02:36]} 31. Rd1
{[%clk 0:00:17]} Bxd4 {[%clk 0:02:29]} 32. Kf1 {[%clk 0:00:18]} Nxg2
{[%clk 0:02:05]} 33. Rxg2 {[%clk 0:00:12]} e2+ {[%clk 0:02:07]} 0-1

[Event "Russian Championship (Rapid, Women)"]
[Site "Sochi"]
[Date "2018.10.06"]
[Round "8.6"]
[White "Kovanova, Baira"]
[Black "Vasilevich, Irina"]
[Result "1-0"]
[BlackElo "2226"]
[WhiteElo "2317"]
[LiveChessVersion "1.4.8"]

1. c4 {[%clk 0:15:19]} e5 {[%clk 0:15:03]} 2. Nc3 {[%clk 0:15:27]} Nc6
{[%clk 0:15:11]} 3. g3 {[%clk 0:15:35]} Bb4 {[%clk 0:15:19]} 4. Nd5
{[%clk 0:14:51]} Bc5 {[%clk 0:15:27]} 5. Bg2 {[%clk 0:13:46]} d6 {[%clk 0:15:29]}
6. d3 {[%clk 0:13:21]} Nge7 {[%clk 0:14:45]} 7. e3 {[%clk 0:12:02]} Nxd5
{[%clk 0:14:31]} 8. cxd5 {[%clk 0:12:08]} Ne7 {[%clk 0:14:40]} 9. h3
{[%clk 0:12:02]} O-O {[%clk 0:09:32]} 10. Ne2 {[%clk 0:12:09]} Bb6
{[%clk 0:09:37]} 11. O-O {[%clk 0:11:48]} f5 {[%clk 0:09:36]} 12. d4
{[%clk 0:08:13]} e4 {[%clk 0:09:09]} 13. Qb3 {[%clk 0:08:19]} Qe8
{[%clk 0:08:19]} 14. h4 {[%clk 0:08:14]} h6 {[%clk 0:06:57]} 15. f3
{[%clk 0:07:36]} exf3 {[%clk 0:06:13]} 16. Bxf3 {[%clk 0:07:43]} g5
{[%clk 0:05:13]} 17. hxg5 {[%clk 0:07:49]} hxg5 {[%clk 0:05:22]} 18. Bd2
{[%clk 0:07:34]} Bd7 {[%clk 0:05:12]} 19. a4 {[%clk 0:06:12]} a5 {[%clk 0:05:17]}
20. Kf2 {[%clk 0:06:00]} Qg6 {[%clk 0:04:56]} 21. Rg1 {[%clk 0:04:30]} Kg7
{[%clk 0:04:50]} 22. Nf4 {[%clk 0:04:31]} Qf7 {[%clk 0:03:53]} 23. Ne6+
{[%clk 0:03:31]} Bxe6 {[%clk 0:04:00]} 24. dxe6 {[%clk 0:03:40]} Qg6
{[%clk 0:03:34]} 25. d5 {[%clk 0:03:43]} f4 {[%clk 0:02:58]} 26. Bc3+
{[%clk 0:03:23]} Kg8 {[%clk 0:03:07]} 27. Rh1 {[%clk 0:03:13]} fxg3+
{[%clk 0:02:26]} 28. Ke2 {[%clk 0:02:05]} Rf6 {[%clk 0:02:34]} 29. Bxf6
{[%clk 0:01:35]} Qxf6 {[%clk 0:02:36]} 30. Raf1 {[%clk 0:01:32]} Nf5
{[%clk 0:01:55]} 31. Be4 {[%clk 0:00:46]} g2 {[%clk 0:02:01]} 32. Bxg2
{[%clk 0:00:49]} Ng3+ {[%clk 0:01:14]} 33. Kd2 {[%clk 0:00:58]} Nxf1+
{[%clk 0:01:08]} 34. Rxf1 {[%clk 0:01:00]} Qe5 {[%clk 0:01:17]} 35. Qc3
{[%clk 0:00:40]} Bxe3+ {[%clk 0:00:33]} 36. Qxe3 {[%clk 0:00:39]} Qxb2+
{[%clk 0:00:41]} 37. Ke1 {[%clk 0:00:43]} Qxg2 {[%clk 0:00:49]} 38. Rg1
{[%clk 0:00:47]} Qh2 {[%clk 0:00:23]} 39. Qxg5+ {[%clk 0:00:47]} 1-0

[Event "Russian Championship (Rapid, Women)"]
[Site "Sochi"]
[Date "2018.10.06"]
[Round "8.7"]
[White "Maltsevskaya, Aleksandra"]
[Black "Tomilova, Elena"]
[Result "0-1"]
[BlackElo "2275"]
[WhiteElo "2194"]
[LiveChessVersion "1.4.8"]

1. Nf3 {[%clk 0:15:04]} d5 {[%clk 0:15:19]} 2. g3 {[%clk 0:15:11]} c6
{[%clk 0:15:27]} 3. Bg2 {[%clk 0:15:19]} Bg4 {[%clk 0:15:30]} 4. O-O
{[%clk 0:15:24]} Nd7 {[%clk 0:15:36]} 5. d4 {[%clk 0:15:25]} Ngf6
{[%clk 0:15:21]} 6. Nbd2 {[%clk 0:15:07]} e6 {[%clk 0:15:25]} 7. b3
{[%clk 0:15:14]} Be7 {[%clk 0:15:24]} 8. Bb2 {[%clk 0:15:21]} O-O
{[%clk 0:15:31]} 9. Qe1 {[%clk 0:15:19]} a5 {[%clk 0:15:37]} 10. a3
{[%clk 0:14:57]} Bf5 {[%clk 0:14:26]} 11. Rc1 {[%clk 0:14:43]} h6
{[%clk 0:14:33]} 12. c4 {[%clk 0:11:27]} Ne4 {[%clk 0:14:31]} 13. Qd1
{[%clk 0:10:40]} Re8 {[%clk 0:14:12]} 14. e3 {[%clk 0:08:06]} Qb8
{[%clk 0:11:45]} 15. Qe2 {[%clk 0:07:46]} Rc8 {[%clk 0:11:23]} 16. Rfd1
{[%clk 0:04:25]} b5 {[%clk 0:11:08]} 17. Ne5 {[%clk 0:03:05]} Nxe5
{[%clk 0:10:42]} 18. Bxe4 {[%clk 0:02:43]} dxe4 {[%clk 0:10:13]} 19. dxe5
{[%clk 0:02:51]} b4 {[%clk 0:09:26]} 20. a4 {[%clk 0:02:52]} c5 {[%clk 0:09:02]}
21. g4 {[%clk 0:02:26]} Bg6 {[%clk 0:09:02]} 22. Nf1 {[%clk 0:02:32]} Rd8
{[%clk 0:08:36]} 23. Rxd8+ {[%clk 0:02:14]} Bxd8 {[%clk 0:08:18]} 24. Ba1
{[%clk 0:00:22]} Bc7 {[%clk 0:08:24]} 25. Qb2 {[%clk 0:00:31]} Qd8
{[%clk 0:08:29]} 26. Qc2 {[%clk 0:00:33]} Qh4 {[%clk 0:08:25]} 27. Ng3
{[%clk 0:00:28]} Qxg4 {[%clk 0:08:22]} 28. Qd1 {[%clk 0:00:14]} Qg5
{[%clk 0:08:02]} 29. Qd7 {[%clk 0:00:22]} Bxe5 {[%clk 0:07:55]} 30. Qc6
{[%clk 0:00:32]} Rd8 {[%clk 0:07:49]} 31. Qxc5 {[%clk 0:00:19]} Bxa1
{[%clk 0:06:23]} 32. Qxg5 {[%clk 0:00:28]} hxg5 {[%clk 0:06:32]} 33. Rxa1
{[%clk 0:00:37]} Rd3 {[%clk 0:06:30]} 34. Rb1 {[%clk 0:00:46]} f5
{[%clk 0:06:29]} 35. Ne2 {[%clk 0:00:35]} e5 {[%clk 0:06:21]} 36. Kf1
{[%clk 0:00:21]} Kf7 {[%clk 0:05:34]} 37. Ke1 {[%clk 0:00:12]} Ke6
{[%clk 0:05:35]} 38. Nc1 {[%clk 0:00:13]} Rd8 {[%clk 0:05:37]} 39. Rb2
{[%clk 0:00:15]} Rh8 {[%clk 0:05:25]} 40. Ne2 {[%clk 0:00:12]} f4
{[%clk 0:05:16]} 41. exf4 {[%clk 0:00:15]} gxf4 {[%clk 0:05:20]} 42. c5
{[%clk 0:00:21]} Kd5 {[%clk 0:04:16]} 43. Rd2+ {[%clk 0:00:30]} Kxc5
{[%clk 0:04:15]} 44. Rd7 {[%clk 0:00:39]} Rxh2 {[%clk 0:03:48]} 45. Rxg7
{[%clk 0:00:47]} Bh5 {[%clk 0:03:46]} 46. Rh7 {[%clk 0:00:17]} e3
{[%clk 0:03:43]} 47. fxe3 {[%clk 0:00:16]} Rxe2+ {[%clk 0:03:46]} 48. Kf1
{[%clk 0:00:20]} Rh2 {[%clk 0:03:46]} 0-1

[Event "Russian Championship (Rapid, Women)"]
[Site "Sochi"]
[Date "2018.10.06"]
[Round "8.8"]
[White "Garifullina, Leya"]
[Black "Dordzhieva, Dinara"]
[Result "0-1"]
[BlackElo "2248"]
[WhiteElo "2030"]
[LiveChessVersion "1.4.8"]

1. e4 {[%clk 0:15:18]} c5 {[%clk 0:15:20]} 2. Nf3 {[%clk 0:15:26]} d6
{[%clk 0:15:29]} 3. d4 {[%clk 0:15:35]} cxd4 {[%clk 0:15:37]} 4. Nxd4
{[%clk 0:15:44]} Nf6 {[%clk 0:15:46]} 5. Nc3 {[%clk 0:15:53]} a6 {[%clk 0:15:55]}
6. h3 {[%clk 0:15:59]} e6 {[%clk 0:16:01]} 7. g4 {[%clk 0:16:02]} h6
{[%clk 0:16:11]} 8. Bg2 {[%clk 0:16:07]} g5 {[%clk 0:16:09]} 9. b3
{[%clk 0:15:40]} Nbd7 {[%clk 0:15:59]} 10. Bb2 {[%clk 0:15:41]} Ne5
{[%clk 0:16:07]} 11. Qd2 {[%clk 0:15:33]} Be7 {[%clk 0:15:37]} 12. O-O-O
{[%clk 0:15:40]} b5 {[%clk 0:15:36]} 13. Kb1 {[%clk 0:15:35]} Bb7
{[%clk 0:15:41]} 14. f4 {[%clk 0:15:37]} gxf4 {[%clk 0:15:05]} 15. Qxf4
{[%clk 0:15:41]} Rc8 {[%clk 0:14:52]} 16. Nf3 {[%clk 0:14:56]} Qc7
{[%clk 0:14:56]} 17. Rc1 {[%clk 0:14:36]} b4 {[%clk 0:14:43]} 18. Ne2
{[%clk 0:12:13]} Nfd7 {[%clk 0:12:15]} 19. Rhf1 {[%clk 0:10:47]} Rh7
{[%clk 0:12:24]} 20. Ned4 {[%clk 0:10:23]} a5 {[%clk 0:11:37]} 21. g5
{[%clk 0:09:51]} h5 {[%clk 0:09:30]} 22. g6 {[%clk 0:08:39]} Nxg6
{[%clk 0:09:18]} 23. Qe3 {[%clk 0:08:44]} Nde5 {[%clk 0:06:49]} 24. Ng5
{[%clk 0:08:18]} Rh8 {[%clk 0:06:57]} 25. Ndf3 {[%clk 0:05:26]} Rf8
{[%clk 0:05:47]} 26. Nh7 {[%clk 0:04:40]} Rg8 {[%clk 0:05:53]} 27. Rg1
{[%clk 0:03:58]} a4 {[%clk 0:05:47]} 28. Bf1 {[%clk 0:03:46]} a3 {[%clk 0:05:12]}
29. Ba1 {[%clk 0:03:34]} Bc6 {[%clk 0:03:56]} 30. Be2 {[%clk 0:02:41]} Qb7
{[%clk 0:03:25]} 31. Nd2 {[%clk 0:02:37]} h4 {[%clk 0:03:25]} 32. c3
{[%clk 0:02:02]} bxc3 {[%clk 0:02:48]} 33. Bxc3 {[%clk 0:02:07]} Kd7
{[%clk 0:02:47]} 34. Ng5 {[%clk 0:02:04]} Bb5 {[%clk 0:02:27]} 35. Ngf3
{[%clk 0:01:44]} Bxe2 {[%clk 0:01:56]} 36. Qxe2 {[%clk 0:01:51]} Bf6
{[%clk 0:01:28]} 37. Rgd1 {[%clk 0:01:13]} Ke7 {[%clk 0:00:30]} 38. Nxe5
{[%clk 0:00:57]} Bxe5 {[%clk 0:00:22]} 39. Nc4 {[%clk 0:01:03]} Nf4
{[%clk 0:00:17]} 40. Qe1 {[%clk 0:01:10]} Ng2 {[%clk 0:00:16]} 41. Qe2
{[%clk 0:01:08]} Nf4 {[%clk 0:00:26]} 42. Qe1 {[%clk 0:01:18]} Rxc4
{[%clk 0:00:18]} 43. Bxe5 {[%clk 0:00:54]} Rxc1+ {[%clk 0:00:27]} 44. Rxc1
{[%clk 0:01:02]} dxe5 {[%clk 0:00:32]} 45. Qxh4+ {[%clk 0:01:10]} Ke8
{[%clk 0:00:40]} 46. Rc4 {[%clk 0:01:02]} Rg1+ {[%clk 0:00:34]} 47. Kc2
{[%clk 0:01:07]} Rg2+ {[%clk 0:00:43]} 48. Kb1 {[%clk 0:01:16]} Qd7
{[%clk 0:00:21]} 49. Qh8+ {[%clk 0:01:19]} Ke7 {[%clk 0:00:30]} 50. Qh4+
{[%clk 0:01:28]} Kf8 {[%clk 0:00:25]} 51. Qh8+ {[%clk 0:01:36]} Rg8
{[%clk 0:00:34]} 52. Qh6+ {[%clk 0:01:45]} Ke8 {[%clk 0:00:43]} 53. Qh4
{[%clk 0:01:21]} Qd1+ {[%clk 0:00:48]} 54. Rc1 {[%clk 0:01:28]} Qd3+
{[%clk 0:00:57]} 0-1

[Event "Russian Championship (Rapid, Women)"]
[Site "Sochi"]
[Date "2018.10.06"]
[Round "8.9"]
[White "Baraeva, Irina"]
[Black "Gritsayeva, Oksana"]
[Result "1-0"]
[BlackElo "2388"]
[WhiteElo "2174"]
[LiveChessVersion "1.4.8"]

1. d4 {[%clk 0:15:18]} Nf6 {[%clk 0:15:14]} 2. c4 {[%clk 0:15:27]} Nc6
{[%clk 0:15:24]} 3. Nc3 {[%clk 0:15:33]} e5 {[%clk 0:15:30]} 4. d5
{[%clk 0:15:14]} Ne7 {[%clk 0:15:39]} 5. e4 {[%clk 0:15:21]} Ng6 {[%clk 0:15:45]}
6. g3 {[%clk 0:14:51]} Bc5 {[%clk 0:15:28]} 7. Bg2 {[%clk 0:14:39]} d6
{[%clk 0:15:32]} 8. Nge2 {[%clk 0:13:41]} a5 {[%clk 0:15:35]} 9. O-O
{[%clk 0:12:07]} h5 {[%clk 0:15:33]} 10. Bg5 {[%clk 0:09:06]} h4 {[%clk 0:15:13]}
11. Qd2 {[%clk 0:08:50]} hxg3 {[%clk 0:14:47]} 12. hxg3 {[%clk 0:08:56]} Bg4
{[%clk 0:14:07]} 13. Be3 {[%clk 0:08:14]} Qd7 {[%clk 0:11:37]} 14. f3
{[%clk 0:05:39]} Bh3 {[%clk 0:11:43]} 15. Rf2 {[%clk 0:05:39]} Bxg2
{[%clk 0:10:50]} 16. Rxg2 {[%clk 0:05:48]} Qh3 {[%clk 0:10:18]} 17. Kf2
{[%clk 0:05:34]} Nd7 {[%clk 0:08:45]} 18. Nb5 {[%clk 0:05:01]} Rc8
{[%clk 0:06:37]} 19. Bxc5 {[%clk 0:04:11]} Nxc5 {[%clk 0:06:43]} 20. Ng1
{[%clk 0:03:49]} Qh1 {[%clk 0:06:28]} 21. Rd1 {[%clk 0:03:39]} Rh2
{[%clk 0:05:28]} 22. Kf1 {[%clk 0:03:35]} Rxg2 {[%clk 0:05:24]} 23. Qxg2
{[%clk 0:03:43]} Qxg2+ {[%clk 0:05:17]} 24. Kxg2 {[%clk 0:03:52]} Kd7
{[%clk 0:05:25]} 25. Ne2 {[%clk 0:03:47]} Rh8 {[%clk 0:05:07]} 26. b3
{[%clk 0:03:33]} Ne7 {[%clk 0:04:44]} 27. Nc1 {[%clk 0:03:01]} f5
{[%clk 0:04:12]} 28. Nd3 {[%clk 0:03:06]} Nxd3 {[%clk 0:03:52]} 29. Rxd3
{[%clk 0:03:15]} fxe4 {[%clk 0:03:44]} 30. fxe4 {[%clk 0:03:23]} Ng8
{[%clk 0:03:52]} 31. Nc3 {[%clk 0:02:02]} Nf6 {[%clk 0:04:00]} 32. Rf3
{[%clk 0:01:59]} Ke7 {[%clk 0:03:59]} 33. Re3 {[%clk 0:00:58]} c6
{[%clk 0:02:54]} 34. Re2 {[%clk 0:00:46]} Kd7 {[%clk 0:01:45]} 35. Kg1
{[%clk 0:00:25]} Ng4 {[%clk 0:01:15]} 36. Kg2 {[%clk 0:00:31]} Kc7
{[%clk 0:01:14]} 37. Kf3 {[%clk 0:00:37]} Nf6 {[%clk 0:01:19]} 38. Kg2
{[%clk 0:00:41]} Kb6 {[%clk 0:01:22]} 39. Na4+ {[%clk 0:00:47]} Kc7
{[%clk 0:01:31]} 40. Nc3 {[%clk 0:00:56]} Rh6 {[%clk 0:01:22]} 41. Rf2
{[%clk 0:00:59]} Rg6 {[%clk 0:01:21]} 42. Kh3 {[%clk 0:01:01]} Kd7
{[%clk 0:01:20]} 43. Rf3 {[%clk 0:01:02]} Ke7 {[%clk 0:01:26]} 44. Kg2
{[%clk 0:01:00]} Rh6 {[%clk 0:01:31]} 45. Rf2 {[%clk 0:01:03]} Ng4
{[%clk 0:01:31]} 46. Re2 {[%clk 0:01:12]} Rh2+ {[%clk 0:01:28]} 47. Kf3
{[%clk 0:01:21]} Rxe2 {[%clk 0:01:33]} 48. Nxe2 {[%clk 0:01:30]} Nf6
{[%clk 0:01:39]} 49. Nc3 {[%clk 0:01:26]} Nd7 {[%clk 0:01:37]} 50. Kg4
{[%clk 0:01:26]} Kf6 {[%clk 0:01:14]} 51. a3 {[%clk 0:01:20]} Nc5
{[%clk 0:01:05]} 52. b4 {[%clk 0:01:25]} axb4 {[%clk 0:01:13]} 53. axb4
{[%clk 0:01:34]} Nd7 {[%clk 0:00:49]} 54. dxc6 {[%clk 0:01:36]} bxc6
{[%clk 0:00:58]} 55. b5 {[%clk 0:01:46]} cxb5 {[%clk 0:00:52]} 56. cxb5
{[%clk 0:01:55]} Nb6 {[%clk 0:00:24]} 57. Kh5 {[%clk 0:01:42]} Kf7
{[%clk 0:00:15]} 58. Kg5 {[%clk 0:01:49]} Nc4 {[%clk 0:00:15]} 59. Kg4
{[%clk 0:01:24]} Nb6 {[%clk 0:00:19]} 60. Kf5 {[%clk 0:01:25]} Nc4
{[%clk 0:00:17]} 61. Nd5 {[%clk 0:01:33]} Ke8 {[%clk 0:00:12]} 62. b6
{[%clk 0:01:21]} Na5 {[%clk 0:00:16]} 63. Kg6 {[%clk 0:00:54]} Kf8
{[%clk 0:00:23]} 64. Nc7 {[%clk 0:00:59]} Ke7 {[%clk 0:00:00]} 1-0

[Event "Russian Championship (Rapid, Women)"]
[Site "Sochi"]
[Date "2018.10.06"]
[Round "8.10"]
[White "Borisova, Ekaterina"]
[Black "Charochkina, Daria"]
[Result "1-0"]
[BlackElo "2360"]
[WhiteElo "2040"]
[LiveChessVersion "1.4.8"]

1. e4 {[%clk 0:15:19]} d5 {[%clk 0:15:19]} 2. exd5 {[%clk 0:15:18]} Qxd5
{[%clk 0:15:28]} 3. Nc3 {[%clk 0:15:24]} Qd6 {[%clk 0:15:38]} 4. d4
{[%clk 0:15:33]} Nf6 {[%clk 0:15:47]} 5. Nf3 {[%clk 0:15:42]} g6 {[%clk 0:15:56]}
6. Be2 {[%clk 0:15:36]} Bg7 {[%clk 0:16:01]} 7. O-O {[%clk 0:15:44]} O-O
{[%clk 0:16:09]} 8. Nb5 {[%clk 0:15:47]} Qb6 {[%clk 0:16:07]} 9. c4
{[%clk 0:15:29]} c6 {[%clk 0:16:12]} 10. Nc3 {[%clk 0:15:04]} Rd8
{[%clk 0:16:08]} 11. Qb3 {[%clk 0:14:08]} Qc7 {[%clk 0:16:12]} 12. Bg5
{[%clk 0:14:05]} Bf5 {[%clk 0:15:50]} 13. Rfd1 {[%clk 0:14:00]} Nbd7
{[%clk 0:15:21]} 14. Rac1 {[%clk 0:14:09]} Nf8 {[%clk 0:15:18]} 15. d5
{[%clk 0:12:29]} c5 {[%clk 0:14:30]} 16. Nb5 {[%clk 0:11:05]} Qb6
{[%clk 0:14:20]} 17. Bf4 {[%clk 0:11:04]} Ne8 {[%clk 0:13:21]} 18. Bg5
{[%clk 0:08:47]} Rd7 {[%clk 0:12:02]} 19. Nh4 {[%clk 0:08:18]} a6
{[%clk 0:11:56]} 20. Nxf5 {[%clk 0:08:08]} gxf5 {[%clk 0:12:05]} 21. Nc3
{[%clk 0:08:06]} Qg6 {[%clk 0:11:07]} 22. Be3 {[%clk 0:08:01]} Rc7
{[%clk 0:11:10]} 23. d6 {[%clk 0:07:10]} Rd7 {[%clk 0:10:51]} 24. dxe7
{[%clk 0:07:09]} Rxe7 {[%clk 0:10:58]} 25. Nd5 {[%clk 0:06:26]} Qe6
{[%clk 0:08:27]} 26. Nxe7+ {[%clk 0:06:02]} Qxe7 {[%clk 0:08:36]} 27. Bf3
{[%clk 0:06:06]} Rc8 {[%clk 0:06:27]} 28. Qxb7 {[%clk 0:05:13]} Rc7
{[%clk 0:06:36]} 29. Qxa6 {[%clk 0:04:46]} Ne6 {[%clk 0:06:45]} 30. b4
{[%clk 0:03:33]} Bd4 {[%clk 0:05:49]} 31. Bxd4 {[%clk 0:02:36]} Nxd4
{[%clk 0:05:58]} 32. Rxd4 {[%clk 0:02:42]} cxd4 {[%clk 0:06:03]} 33. c5
{[%clk 0:02:49]} Nf6 {[%clk 0:04:34]} 34. Qd3 {[%clk 0:02:50]} Qe5
{[%clk 0:03:54]} 35. c6 {[%clk 0:01:41]} Ne4 {[%clk 0:03:39]} 36. Bxe4
{[%clk 0:01:45]} fxe4 {[%clk 0:02:03]} 37. Qg3+ {[%clk 0:01:54]} Qxg3
{[%clk 0:01:57]} 38. hxg3 {[%clk 0:02:03]} d3 {[%clk 0:01:56]} 39. b5
{[%clk 0:02:12]} Kf8 {[%clk 0:01:54]} 40. Kf1 {[%clk 0:01:16]} Ke7
{[%clk 0:02:02]} 41. Ke1 {[%clk 0:01:18]} Kd6 {[%clk 0:02:04]} 42. a4
{[%clk 0:01:13]} Kd5 {[%clk 0:00:49]} 43. Kd2 {[%clk 0:01:10]} 1-0